Increasing impact in experiential psychotherapy /

Educational objectives: 1. List three essentials of experiential therapy. 2. Given a patient with a behavior problem, create an experiential treatment plan to elicit change.

Bibliographic Details
Other Authors: Zeig, Jeffrey K., 1947- (Speaker)
Format: Video
Language:English
Language Notes:This edition in English.
Published: Phoenix, AZ : Milton H. Erickson Foundation, 2010.
Series:Brief therapy lasting impressions
Video journal of counseling and therapy
Subjects:
Online Access:Connect to this streaming video (Alexander Street Press)

MARC

Tag First Indicator Second Indicator Subfields
LEADER 00000cgm a2200000Ma 4500
001 in00005535331
006 m o c
007 cr |n|---||a|a
007 vz |zazu|
008 130725s2010 azu049 f o vueng d
005 20241201225446.9
035 |a (OCoLC)ocn856905865 
040 |a ALSTP  |b eng  |e pn  |c ALSTP  |d OCLCO  |d OCLCQ  |d OCLCF  |d OCLCQ  |d OCLCO  |d OCLCQ  |d OCLCO  |d OCLCL  |d OCLCQ 
035 |a (OCoLC)856905865 
049 |a TXAM 
245 0 0 |a Increasing impact in experiential psychotherapy /  |c presented by Jeffrey K. Zeig. 
260 |a Phoenix, AZ :  |b Milton H. Erickson Foundation,  |c 2010. 
300 |a 1 online resource (49 min.). 
306 |a 004917 
336 |a two-dimensional moving image  |b tdi  |2 rdacontent 
337 |a computer  |b c  |2 rdamedia 
338 |a online resource  |b cr  |2 rdacarrier 
490 0 |a Brief therapy lasting impressions 
490 0 |a Video journal of counseling and therapy 
500 |a Title from resource description page (viewed Aug. 2, 2013). 
520 |a Educational objectives: 1. List three essentials of experiential therapy. 2. Given a patient with a behavior problem, create an experiential treatment plan to elicit change. 
546 |a This edition in English. 
650 0 |a Experiential psychotherapy. 
650 6 |a Psychothérapie expérientielle. 
650 7 |a Experiential psychotherapy.  |2 fast  |0 (OCoLC)fst00918398 
655 7 |a Nonfiction films.  |2 fast  |0 (OCoLC)fst01710269 
655 7 |a Nonfiction films.  |2 lcgft 
655 7 |a Films autres que de fiction.  |2 rvmgf 
700 1 |a Zeig, Jeffrey K.,  |d 1947-  |4 spk  |1 https://id.oclc.org/worldcat/entity/E39PBJtcB9BBH4yWRyQV77yyBP 
758 |i has work:  |a Increasing impact in experiential psychotherapy (MovingImage)  |1 https://id.oclc.org/worldcat/entity/E39PCGdFRK9hV8BqcBtkgjk4Md  |4 https://id.oclc.org/worldcat/ontology/hasWork 
776 0 8 |i Print version:  |t Increasing impact in experiential psychotherapy.  |d Phoenix, AZ : Milton H. Erickson Foundation, 2010 publisher catalog number  |o BT10-DVD1 
856 4 0 |u http://proxy.library.tamu.edu/login?url=https://www.aspresolver.com/aspresolver.asp?CTIV;1775288  |z Connect to this streaming video (Alexander Street Press)  |t 0 
955 |a Alexander Street Press subscription streaming video 
994 |a 92  |b TXA 
999 f f |s a36d32b8-6079-486d-b31c-8112deb917db  |i 10a1a210-b5a9-4086-8d31-406eaa040b10  |t 0 
952 f f |a Texas A&M University  |b College Station  |c Electronic Resources  |d Available Online  |t 0  |h Library of Congress classification 
998 f f |t 0  |l Available Online